Физика: учебное пособие; в 2 ч.

מידע ביבליוגרפי
מחבר תאגידי: Национальный исследовательский Томский политехнический университет (ТПУ)
שפה:רוסית
יצא לאור: Томск, Изд-во ТПУ, 2011-
פורמט: ספר
KOHA link:https://koha.lib.tpu.ru/cgi-bin/koha/opac-detail.pl?biblionumber=224235

MARC

LEADER 00000nlm1a2200000 4500
001 224235
005 20231031200344.0
035 |a (RuTPU)RU\TPU\book\244527 
090 |a 224235 
100 |a 20121022d2011 k y0rusy50 ca 
101 0 |a rus 
102 |a RU 
181 0 |a i  
182 0 |a b 
200 1 |a Физика  |b Электронный ресурс  |e учебное пособие  |e в 2 ч.  |f Национальный исследовательский Томский политехнический университет (ТПУ) 
203 |a Текст  |c электронный 
210 |a Томск  |c Изд-во ТПУ  |d 2011- 
712 0 2 |a Национальный исследовательский Томский политехнический университет (ТПУ)  |c (2009- )  |2 stltpush  |3 (RuTPU)RU\TPU\col\15902 
801 2 |a RU  |b 63413507  |c 20141211  |g RCR 
942 |c CF